[Event "Viljandi Raud Memorial 57th"]
[Site "Viljandi"]
[Date "2023.07.07"]
[Round "7"]
[White "Porat, Ido"]
[Black "Cruz Lledo, Pablo"]
[Result "1/2-1/2"]
[WhiteElo "2307"]
[BlackElo "2380"]
[PlyCount "134"]
[EventDate "2023.07.02"]
[EventType "swiss"]
[EventRounds "9"]
[EventCountry "EST"]
[SourceTitle "CBM 215 Extra"]
[Source "ChessBase"]
[SourceDate "2023.09.30"]
[SourceVersion "1"]
[SourceVersionDate "2023.09.30"]
[SourceQuality "1"]

1. d4 d5 2. c4 e6 3. Nf3 Nf6 4. Nc3 Be7 5. Bf4 0-0 6. e3 a6 7. Rc1 dxc4 8. Bxc4 b5 9. Bb3 Bb7 10. 0-0 Nbd7 11. d5 exd5 12. Nxd5 Nxd5 13. Bxd5 Bxd5 14. Qxd5 c5 15. Rfd1 Ra7 16. Bd6 Bxd6 17. Qxd6 Qc7 18. Qe7 Rc8 19. b3 Nf8 20. Qe4 Qe7 21. Qxe7 Rxe7 22. Rd6 Re6 23. Rd5 Rec6 24. Ne5 R6c7 25. Kf1 f6 26. Nf3 Kf7 27. Rd6 Rc6 28. Rxc6 Rxc6 29. Ke2 Nd7 30. Nd2 Ke7 31. g4 Nb6 32. h4 a5 33. Rb1 a4 34. Ne4 a3 35. Rc1 c4 36. b4 Nd5 37. Nc3 Nc7 38. Rd1 Rd6 39. Rxd6 Kxd6 40. Nb1 Nd5 41. Nxa3 Kc6 42. Nc2 Nc3+ 43. Kd2 Nxa2 44. f3 Kd5 45. h5 Ke5 46. Kd1 f5 47. gxf5 Kxf5 48. Nd4+ Kg5 49. Nxb5 Nxb4 50. Nd6 Kxh5 51. Nxc4 Kh4 52. Nd6 g6 53. Ne4 h5 54. Ke2 Kh3 55. Kf2 Nd5 56. Ng5+ Kh4 57. Ne6 Kh3 58. e4 Ne7 59. Ng5+ Kh4 60. Nf7 g5 61. e5 g4 62. fxg4 Kxg4 63. e6 Kf5 64. Kg3 Ng6 65. Nh8 Ne7 66. Kh4 Kxe6 67. Kxh5 Ke5 1/2-1/2

[Event "Maccabiah IM2"]
[Site "Jerusalem"]
[Date "2013.07.26"]
[Round "8"]
[White "Porat, Ido"]
[Black "Shvayger, Yuliya"]
[Result "1/2-1/2"]
[WhiteElo "2441"]
[BlackElo "2265"]
[PlyCount "65"]
[EventDate "2013.07.21"]
[EventType "tourn"]
[EventRounds "9"]
[EventCountry "ISR"]
[EventCategory "3"]
[SourceTitle "CBM 155 Extra"]
[Source "ChessBase"]
[SourceDate "2013.08.26"]
[SourceVersion "1"]
[SourceVersionDate "2013.08.26"]
[SourceQuality "1"]

1. d4 Nf6 2. Bf4 g6 3. Nc3 d5 4. Qd2 c6 5. Nf3 Nbd7 6. e4 Nxe4 7. Nxe4 dxe4 8. Ng5 Nf6 9. Bc4 e6 10. Qe3 Nd5 11. Qxe4 Nxf4 12. Qxf4 Qa5+ 13. c3 Qf5 14. Qe5 Qxe5+ 15. dxe5 Bg7 16. f4 f6 17. exf6 Bxf6 18. Nxe6 Bxe6 19. Bxe6 Ke7 20. f5 gxf5 21. Bxf5 Rad8 22. 0-0 Kf7 23. Rad1 h6 24. Bd7 Rhf8 25. Rd6 Kg7 26. Rd3 Bg5 27. Rfd1 c5 28. g3 c4 29. Rd5 Be3+ 30. Kh1 Rf2 31. Re1 Bg5 32. b3 Rxa2 33. bxc4 1/2-1/2

[Event "Maccabiah IM2"]
[Site "Jerusalem"]
[Date "2013.07.25"]
[Round "6"]
[White "Porat, Ido"]
[Black "Litwak, Aleksej"]
[Result "1/2-1/2"]
[WhiteElo "2441"]
[BlackElo "2229"]
[PlyCount "93"]
[EventDate "2013.07.21"]
[EventType "tourn"]
[EventRounds "9"]
[EventCountry "ISR"]
[EventCategory "3"]
[SourceTitle "CBM 155 Extra"]
[Source "ChessBase"]
[SourceDate "2013.08.26"]
[SourceVersion "1"]
[SourceVersionDate "2013.08.26"]
[SourceQuality "1"]

1. d4 d5 2. c4 e6 3. Nf3 c5 4. g3 Nc6 5. cxd5 exd5 6. Bg2 Nf6 7. 0-0 Be7 8. Nc3 0-0 9. Bg5 c4 10. Ne5 Be6 11. b3 Qa5 12. Nxc6 bxc6 13. Qc2 Rac8 14. bxc4 c5 15. Qd2 cxd4 16. Nxd5 Qd8 17. Nxe7+ Qxe7 18. Qxd4 Rxc4 19. Qe3 Rfc8 20. Bxf6 gxf6 21. Be4 Qc5 22. Bd3 Qxe3 23. fxe3 Ra4 24. Rxf6 Kg7 25. Rf4 Ra3 26. g4 Rc5 27. Kf2 Rca5 28. h4 h6 29. Rc1 Bxa2 30. Bc4 Bxc4 31. Rcxc4 Re5 32. Rc7 Raxe3 33. Rcxf7+ Kg8 34. Rf8+ Kg7 35. R8f7+ Kg8 36. Rf8+ Kg7 37. R4f7+ Kg6 38. Rf6+ Kg7 39. R6f7+ Kg6 40. Rf3 Rxe2+ 41. Kg3 Re7 42. Ra8 R2e3 43. Rc8 Rxf3+ 44. Kxf3 Rb7 45. Rc6+ Kg7 46. Rc5 Kg6 47. Ra5 1/2-1/2

[Event "Maccabiah IM2"]
[Site "Jerusalem"]
[Date "2013.07.23"]
[Round "4"]
[White "Porat, Ido"]
[Black "Gurbanov, Andrei"]
[Result "0-1"]
[WhiteElo "2441"]
[BlackElo "2270"]
[PlyCount "114"]
[EventDate "2013.07.21"]
[EventType "tourn"]
[EventRounds "9"]
[EventCountry "ISR"]
[EventCategory "3"]
[SourceTitle "CBM 155 Extra"]
[Source "ChessBase"]
[SourceDate "2013.08.26"]
[SourceVersion "1"]
[SourceVersionDate "2013.08.26"]
[SourceQuality "1"]

1. d4 d5 2. c4 e6 3. Nf3 c6 4. g3 Nf6 5. Bg2 Be7 6. 0-0 0-0 7. Qc2 b6 8. b3 Bb7 9. Nc3 dxc4 10. bxc4 c5 11. d5 exd5 12. Ng5 Na6 13. Rd1 Nb4 14. Qb1 h6 15. Nh3 Qc8 16. a3 dxc4 17. Bxb7 Qxb7 18. axb4 cxb4 19. Nb5 Rfd8 20. Be3 a5 21. Qc2 c3 22. Nf4 Bc5 23. Rxd8+ Rxd8 24. Bxc5 bxc5 25. Nxc3 bxc3 26. Qxc3 Qb4 27. Qxb4 axb4 28. Nd3 Rd5 29. Ra8+ Kh7 30. Kf1 b3 31. Rc8 Ne4 32. Ke1 Nd6 33. Rb8 c4 34. Nb2 c3 35. Rxb3 cxb2 36. Rxb2 g5 37. Rb4 Rb5 38. Ra4 Rb1+ 39. Kd2 Rh1 40. h4 gxh4 41. gxh4 Nf5 42. e4 Nxh4 43. Ke3 Ng6 44. Kf3 Rh4 45. Kg2 Rg4+ 46. Kf3 Rf4+ 47. Ke3 Kg7 48. Ra5 Rg4 49. Kf3 Rg5 50. Ra1 Rb5 51. Kg4 h5+ 52. Kg3 Rb3+ 53. f3 Ne5 54. Kh4 Kg6 55. Ra6+ f6 56. f4 Nf3+ 57. Kg3 Ng5+ 0-1

[Event "Maccabiah IM2"]
[Site "Jerusalem"]
[Date "2013.07.21"]
[Round "1"]
[White "Porat, Ido"]
[Black "Arlinsky, Uriel"]
[Result "0-1"]
[WhiteElo "2441"]
[BlackElo "2321"]
[PlyCount "72"]
[EventDate "2013.07.21"]
[EventType "tourn"]
[EventRounds "9"]
[EventCountry "ISR"]
[EventCategory "3"]
[SourceTitle "CBM 155 Extra"]
[Source "ChessBase"]
[SourceDate "2013.08.26"]
[SourceVersion "1"]
[SourceVersionDate "2013.08.26"]
[SourceQuality "1"]

1. Nf3 Nf6 2. c4 e6 3. Nc3 Bb4 4. Qc2 0-0 5. a3 Bxc3 6. Qxc3 b6 7. g3 Bb7 8. Bg2 d5 9. d4 Nbd7 10. 0-0 dxc4 11. Qxc4 Bd5 12. Qa4 c5 13. Bg5 h6 14. Bxf6 Nxf6 15. dxc5 bxc5 16. Qc2 Qb6 17. Ne5 Rab8 18. e4 Bb3 19. Qc3 Rbc8 20. Rfe1 Rfd8 21. Rac1 Nd7 22. Nxd7 Rxd7 23. e5 c4 24. Qe3 Rcd8 25. Bf1 Rd4 26. Qc3 Rd2 27. Re3 R8d4 28. Re2 R2d3 29. Qe1 Rd1 30. Rxd1 Rxd1 31. Qc3 Rd3 32. Qc1 c3 33. bxc3 Rd1 34. Qf4 Bd5 35. Rd2 Ra1 36. c4 Qb1 0-1

[Event "ISR-chT 13"]
[Site "Israel"]
[Date "2013.02.01"]
[Round "9.3"]
[White "Porat, Ido"]
[Black "Flom, Gabriel"]
[Result "1/2-1/2"]
[WhiteElo "2424"]
[BlackElo "2442"]
[PlyCount "133"]
[EventDate "2012.12.21"]
[EventType "team"]
[EventRounds "11"]
[EventCountry "ISR"]
[SourceTitle "EXT 2014"]
[Source "ChessBase"]
[SourceDate "2013.11.20"]
[SourceVersion "1"]
[SourceVersionDate "2013.11.20"]
[SourceQuality "1"]

1. d4 Nf6 2. Bf4 g6 3. Nc3 Bg7 4. Qd2 d6 5. Bh6 Bxh6 6. Qxh6 c6 7. Nf3 Qa5 8. Qd2 Bf5 9. e4 Bg4 10. e5 dxe5 11. Nxe5 Be6 12. Bc4 Bxc4 13. Nxc4 Qa6 14. Ne5 Nbd7 15. 0-0-0 Nd5 16. Nxd7 Kxd7 17. Rhe1 e6 18. Nxd5 cxd5 19. Qf4 Rhf8 20. Rd3 Rac8 21. Kb1 Qa5 22. Qe3 Qc7 23. Qe2 Qxh2 24. g3 Qh3 25. Rf3 Rc6 26. Rf4 Qh6 27. c4 g5 28. cxd5 gxf4 29. dxc6+ bxc6 30. d5 cxd5 31. Qb5+ Ke7 32. Qc5+ Kf6 33. Qd4+ Kg6 34. gxf4 Qh2 35. Qe5 Qg2 36. Re3 Qf1+ 37. Re1 Qg2 38. a3 h6 39. Re3 Kh7 40. Rg3 Qe4+ 41. Qxe4+ dxe4 42. b4 Rg8 43. a4 Rb8 44. b5 a6 45. Rb3 axb5 46. Rxb5 Ra8 47. a5 Kg6 48. Kc2 f5 49. Re5 Ra6 50. Kc3 Kh5 51. Kb4 Kg4 52. Kb5 Ra8 53. Rxe6 Kf3 54. Rxh6 Kxf2 55. Rf6 e3 56. Rxf5 Rb8+ 57. Kc6 Re8 58. Rb5 e2 59. Rb2 Ra8 60. Rxe2+ Kxe2 61. Kb6 Kd3 62. a6 Kc4 63. a7 Rf8 64. Kb7 Rf7+ 65. Kb6 Rf6+ 66. Kb7 Rf7+ 67. Kb6 1/2-1/2

[Event "ISR-chT 13"]
[Site "Israel"]
[Date "2013.01.18"]
[Round "7.3"]
[White "Vydeslaver, Alik"]
[Black "Porat, Ido"]
[Result "1-0"]
[WhiteElo "2385"]
[BlackElo "2424"]
[PlyCount "173"]
[EventDate "2012.12.21"]
[EventType "team"]
[EventRounds "11"]
[EventCountry "ISR"]
[SourceTitle "EXT 2014"]
[Source "ChessBase"]
[SourceDate "2013.11.20"]
[SourceVersion "1"]
[SourceVersionDate "2013.11.20"]
[SourceQuality "1"]

1. Nf3 d5 2. g3 Nc6 3. d4 Bf5 4. Bg2 e6 5. 0-0 Nb4 6. Na3 Be7 7. c3 Na6 8. b3 h6 9. Bb2 Nf6 10. Nc2 0-0 11. c4 Be4 12. Ne5 Bxg2 13. Kxg2 c5 14. Ne3 Rc8 15. Rc1 Nb4 16. a3 Nc6 17. dxc5 Bxc5 18. cxd5 Bxe3 19. Nxc6 bxc6 20. Bxf6 Qxd5+ 21. Qxd5 cxd5 22. fxe3 gxf6 23. Rfd1 f5 24. Kf2 Kg7 25. Ke1 Rb8 26. Rd3 Rb7 27. Kd2 h5 28. Rcc3 h4 29. gxh4 Kf6 30. Rd4 Rg8 31. b4 Rg2 32. a4 Rxh2 33. b5 Rg2 34. Rb4 Rg4 35. Rcb3 Ke5 36. a5 Kd6 37. Rxg4 fxg4 38. b6 a6 39. Ke1 e5 40. Kf2 f5 41. Kg3 Rb8 42. b7 Ke6 43. Rb6+ Kf7 44. h5 Kg7 45. Kh4 Kh7 46. Rxa6 Rxb7 47. Rb6 Rg7 48. Rg6 Rc7 49. a6 Ra7 50. Rb6 Ra8 51. Kg5 Rg8+ 52. Rg6 g3 53. Rxg8 g2 54. Kxf5 Kxg8 55. a7 g1Q 56. a8Q+ Kh7 57. Qxd5 Qxe3 58. Qf7+ Kh8 59. Qe8+ Kh7 60. Qe7+ Kh6 61. Qf6+ Kh7 62. Qxe5 Qf2+ 63. Kg5 Qg2+ 64. Kf6 Qg7+ 65. Kf5 Qf7+ 66. Kg5 Qg8+ 67. Kf4 Qa2 68. Qf5+ Kh8 69. Kf3 Qb3+ 70. Kg4 Qg8+ 71. Kf4 Qc4+ 72. Kf3 Qb3+ 73. Kf2 Qa2 74. h6 Qf7 75. Qf3 Qa7+ 76. Kg2 Kh7 77. Qf6 Qb7+ 78. Kf2 Qa7+ 79. Ke1 Qa5+ 80. Kf1 Qc7 81. Kf2 Qc5+ 82. Kf3 Qd5+ 83. Kg3 Qb3+ 84. Kf2 Qb7 85. Qg7+ Qxg7 86. hxg7 Kxg7 87. Ke3 1-0

[Event "ISR-chT 1011"]
[Site "Israel"]
[Date "2011.06.03"]
[Round "9.1"]
[White "Khmelniker, Ilya"]
[Black "Porat, Ido"]
[Result "1-0"]
[WhiteElo "2512"]
[BlackElo "2431"]
[PlyCount "125"]
[EventDate "2010.12.24"]
[EventType "team-tourn"]
[EventRounds "11"]
[EventCountry "ISR"]
[SourceTitle "EXT 2012"]
[Source "ChessBase"]
[SourceDate "2011.11.24"]
[SourceVersion "1"]
[SourceVersionDate "2011.11.24"]
[SourceQuality "1"]
[WhiteTeam "Beer Sheva II"]
[BlackTeam "Porat Mathematics"]
[WhiteTeamCountry "ISR"]
[BlackTeamCountry "ISR"]

1. d4 Nf6 2. c4 e6 3. Nf3 Bb4+ 4. Bd2 c5 5. Bxb4 cxb4 6. g3 0-0 7. Bg2 d6 8. Nbd2 a5 9. Nf1 Nc6 10. Ne3 e5 11. 0-0 Bg4 12. Nxg4 Nxg4 13. e3 Rc8 14. Rc1 b6 15. Bh3 h5 16. d5 Nb8 17. Nh4 Qg5 18. e4 Rc7 19. Nf5 Qg6 20. Qa4 Nh6 21. Qb5 Nxf5 22. Bxf5 Qf6 23. Qxb6 Rc5 24. a3 Qd8 25. Qxd8 Rxd8 26. axb4 axb4 27. b3 Ra5 28. Ra1 Ra6 29. Rfc1 Kf8 30. f4 g6 31. Bh3 f6 32. Kf2 Re8 33. Be6 Re7 34. c5 dxc5 35. Rxa6 Nxa6 36. f5 gxf5 37. exf5 Rc7 38. Ra1 Nb8 39. d6 Rb7 40. Ra8 Ke8 41. Ra5 Nd7 42. Ke3 Rb6 43. Ra8+ Nb8 44. h4 Kf8 45. Ke4 c4 46. Bxc4 Kg7 47. Be6 Kh7 48. d7 Nxd7 49. Bxd7 Rd6 50. Be6 Rd4+ 51. Ke3 Rg4 52. Kf3 e4+ 53. Kg2 e3 54. Ra2 Rd4 55. Re2 Rd3 56. Kf3 Rd6 57. Rxe3 Rb6 58. Rd3 Rc6 59. Rd4 Rb6 60. Rd7+ Kh6 61. Rf7 Rc6 62. Rxf6+ Kg7 63. Rg6+ 1-0

[Event "ISR-chT 1011"]
[Site "Israel"]
[Date "2011.03.11"]
[Round "5.2"]
[White "Porat, Ido"]
[Black "Gofshtein, Leonid D"]
[Result "0-1"]
[WhiteElo "2431"]
[BlackElo "2507"]
[PlyCount "120"]
[EventDate "2010.12.24"]
[EventType "team-tourn"]
[EventRounds "11"]
[EventCountry "ISR"]
[SourceTitle "EXT 2012"]
[Source "ChessBase"]
[SourceDate "2011.11.24"]
[SourceVersion "1"]
[SourceVersionDate "2011.11.24"]
[SourceQuality "1"]
[WhiteTeam "Porat Mathematics"]
[BlackTeam "Petah Tikva Elitzur"]
[WhiteTeamCountry "ISR"]
[BlackTeamCountry "ISR"]

1. Nf3 d5 2. g3 c6 3. Bg2 Nf6 4. 0-0 Bf5 5. d3 h6 6. c4 dxc4 7. dxc4 Qxd1 8. Rxd1 e6 9. Nc3 Nbd7 10. Bf4 g5 11. Bd6 Bxd6 12. Rxd6 Ke7 13. Rad1 e5 14. h4 Rhg8 15. hxg5 hxg5 16. b4 Be6 17. c5 a5 18. b5 cxb5 19. Nxb5 g4 20. Nh4 Nxc5 21. Rc1 Rgc8 22. Rdd1 Ra6 23. Rd2 Rb6 24. Na7 Rc7 25. Rdc2 Nfd7 26. a4 f5 27. Nb5 Rc8 28. e4 fxe4 29. Rc3 Rcc6 30. Na7 Rc7 31. Bxe4 Rb4 32. Nb5 Rc8 33. Bxb7 Rb8 34. Bc6 Nxa4 35. Ra3 Ndc5 36. Nc3 Nxc3 37. Rcxc3 Rb1+ 38. Kg2 Nb3 39. Re3 Kf6 40. Be4 Rc1 41. Re2 Nc5 42. f3 a4 43. Bc2 Bb3 44. Be4 Rb4 45. Kf2 Nxe4+ 46. fxe4 Rcc4 47. Nf5 Rxe4 48. Ne3 Ke6 49. Ra1 Rb8 50. Rh1 Rf8+ 51. Ke1 Rf3 52. Rh6+ Kd7 53. Kd2 a3 54. Ra6 a2 55. Kd3 Ba4 56. Kxe4 a1Q 57. Nxg4 Rf4+ 58. gxf4 Qd4+ 59. Kf3 Qxf4+ 60. Kg2 Qxg4+ 0-1

[Event "ISR-chT 1011"]
[Site "Israel"]
[Date "2011.03.04"]
[Round "3.2"]
[White "Khenkin, Igor"]
[Black "Porat, Ido"]
[Result "1-0"]
[WhiteElo "2618"]
[BlackElo "2431"]
[PlyCount "91"]
[EventDate "2010.12.24"]
[EventType "team-tourn"]
[EventRounds "11"]
[EventCountry "ISR"]
[SourceTitle "EXT 2012"]
[Source "ChessBase"]
[SourceDate "2011.11.24"]
[SourceVersion "1"]
[SourceVersionDate "2011.11.24"]
[SourceQuality "1"]
[WhiteTeam "Netanya"]
[BlackTeam "Porat Mathematics"]
[WhiteTeamCountry "ISR"]
[BlackTeamCountry "ISR"]

1. d4 d5 2. c4 c6 3. cxd5 cxd5 4. Bf4 e6 5. e3 Bd6 6. Bxd6 Qxd6 7. Nc3 Nc6 8. f4 Nf6 9. Nf3 Ne4 10. Nxe4 dxe4 11. Nd2 f5 12. Qh5+ g6 13. Qh6 Bd7 14. a3 0-0-0 15. Rc1 Kb8 16. Be2 Qf8 17. Qxf8 Rhxf8 18. Nc4 Ne7 19. Ne5 Nc6 20. Nc4 Ne7 21. h4 Bb5 22. Ne5 Bxe2 23. Kxe2 h5 24. Rc4 Nd5 25. Rhc1 Rg8 26. a4 Rg7 27. a5 a6 28. Kf2 Nf6 29. Rb4 Ka7 30. Rb6 Re8 31. Rd6 Ng4+ 32. Nxg4 hxg4 33. Rc5 Kb8 34. b4 Rh7 35. Kg3 Rc7 36. h5 gxh5 37. Kh4 Rce7 38. g3 Rc7 39. Rb6 Rce7 40. Re5 Kc7 41. Kxh5 Kd8 42. Rd6+ Kc7 43. Rb6 Kd8 44. Rc5 Rd7 45. Kg6 Rh8 46. Rxe6 1-0

[Event "ISR-chT 1011"]
[Site "Israel"]
[Date "2010.12.24"]
[Round "1.2"]
[White "Smirin, Ilia"]
[Black "Porat, Ido"]
[Result "1-0"]
[WhiteElo "2660"]
[BlackElo "2431"]
[PlyCount "99"]
[EventDate "2010.12.24"]
[EventType "team-tourn"]
[EventRounds "11"]
[EventCountry "ISR"]
[SourceTitle "EXT 2012"]
[Source "ChessBase"]
[SourceDate "2011.11.24"]
[SourceVersion "1"]
[SourceVersionDate "2011.11.24"]
[SourceQuality "1"]
[WhiteTeam "Ashdod"]
[BlackTeam "Porat Mathematics"]
[WhiteTeamCountry "ISR"]
[BlackTeamCountry "ISR"]

1. e4 e5 2. Nf3 Nf6 3. d4 Nxe4 4. dxe5 Bc5 5. Qd5 Bxf2+ 6. Kd1 f5 7. Bc4 Qe7 8. Nc3 c6 9. Qd3 b5 10. Bb3 Na6 11. Nxe4 fxe4 12. Qxe4 Nc5 13. Qe2 Nxb3 14. axb3 Bc5 15. Be3 0-0 16. Bxc5 Qxc5 17. Qd2 d5 18. Nd4 Bf5 19. b4 Qe7 20. Re1 Be4 21. e6 c5 22. bxc5 Qxc5 23. b4 Qd6 24. g3 Rfc8 25. Rf1 a6 26. c3 h6 27. Rf7 Bg6 28. Rd7 Qe5 29. Kc1 Bf5 30. Kb2 Re8 31. Nxf5 Qxf5 32. Qd4 Qf6 33. Qxf6 gxf6 34. Rd6 Kf8 35. Raxa6 Rxa6 36. Rxa6 Ke7 37. Rb6 h5 38. Rxb5 Kxe6 39. c4 dxc4 40. Rxh5 f5 41. Kc3 f4 42. gxf4 Rf8 43. f5+ Kf6 44. Kxc4 Rc8+ 45. Kb3 Rb8 46. Rh3 Kxf5 47. Re3 Kf6 48. Kc4 Rc8+ 49. Kd5 Rc2 50. h3 1-0

[Event "EU-Cup 25th"]
[Site "Ohrid"]
[Date "2009.10.08"]
[Round "5.2"]
[White "D'Costa, Lorin AR"]
[Black "Porat, Ido"]
[Result "1/2-1/2"]
[WhiteElo "2479"]
[BlackElo "2448"]
[PlyCount "53"]
[EventDate "2009.10.04"]
[EventType "team-swiss"]
[EventRounds "7"]
[EventCountry "MKD"]
[SourceTitle "CBM 133"]
[Source "ChessBase"]
[SourceDate "2009.11.19"]
[SourceVersion "1"]
[SourceVersionDate "2009.11.19"]
[SourceQuality "1"]
[WhiteTeam "Utrecht"]
[BlackTeam "Porat Mathematics"]
[WhiteTeamCountry "NED"]
[BlackTeamCountry "ISR"]

1. d4 Nf6 2. c4 e6 3. Nf3 Bb4+ 4. Bd2 c5 5. Bxb4 cxb4 6. g3 0-0 7. Bg2 a5 8. 0-0 d6 9. Qd3 Qe7 10. Nbd2 b6 11. e4 e5 12. Rae1 Nc6 13. h3 Qc7 14. d5 Ne7 15. Nh4 Nd7 16. f4 Ng6 17. Nxg6 fxg6 18. Rf2 Ba6 19. Bf1 h6 20. h4 Rab8 21. Qe3 Qd8 22. Bh3 Nc5 23. fxe5 Rxf2 24. Kxf2 dxe5 25. Kg1 Qe7 26. b3 Bc8 27. Bxc8 1/2-1/2

[Event "Netanya Maccabiah"]
[Site "Netanya"]
[Date "2009.07.??"]
[Round "6"]
[White "Diamant, Andre"]
[Black "Porat, Ido"]
[Result "1/2-1/2"]
[WhiteElo "2520"]
[BlackElo "2425"]
[PlyCount "100"]
[EventDate "2009.07.??"]
[EventType "swiss"]
[EventRounds "6"]
[EventCountry "ISR"]
[SourceTitle "EXT 2024"]
[Source "ChessBase"]
[SourceDate "2023.10.10"]
[SourceVersion "1"]
[SourceVersionDate "2023.10.10"]
[SourceQuality "1"]

1. e4 c5 2. Nf3 d6 3. d4 cxd4 4. Qxd4 a6 5. c4 Nc6 6. Qe3 Bg4 7. Be2 g6 8. 0-0 Bg7 9. Rd1 Bxf3 10. Bxf3 e5 11. Na3 Nd4 12. Bd2 Bh6 13. Qc3 Bxd2 14. Rxd2 Ne7 15. Rad1 0-0 16. Nc2 Nec6 17. Be2 Nxc2 18. Qxc2 Nd4 19. Qd3 b5 20. Qe3 Qc7 21. Bf1 Rfc8 22. b3 b4 23. h4 a5 24. h5 a4 25. h6 axb3 26. axb3 Qe7 27. Rd3 Ra2 28. R1d2 Ra1 29. Rd1 Rca8 30. Rxa1 Rxa1 31. Rxd4 exd4 32. Qxd4 Qe5 33. Qb6 Ra8 34. Qxb4 Qd4 35. Qb7 Re8 36. Qd7 Kf8 37. b4 Rxe4 38. b5 Qb6 39. g3 Re6 40. Bg2 Rf6 41. c5 dxc5 42. Bc6 Re6 43. Qc8+ Ke7 44. Qe8+ Kf6 45. Qh8+ Kg5 46. Qxh7 Rxc6 47. bxc6 Qb1+ 48. Kh2 Qf5 49. Kg1 Qb1+ 50. Kh2 Qf5 1/2-1/2

[Event "Netanya Maccabiah"]
[Site "Netanya"]
[Date "2009.07.??"]
[Round "1"]
[White "Porat, Ido"]
[Black "Bykhovsky, Anatoly"]
[Result "1-0"]
[WhiteElo "2425"]
[BlackElo "2487"]
[PlyCount "117"]
[EventDate "2009.07.??"]
[EventType "swiss"]
[EventRounds "6"]
[EventCountry "ISR"]
[SourceTitle "EXT 2024"]
[Source "ChessBase"]
[SourceDate "2023.10.10"]
[SourceVersion "1"]
[SourceVersionDate "2023.10.10"]
[SourceQuality "1"]

1. d4 Nf6 2. Nf3 g6 3. g3 Bg7 4. Bg2 0-0 5. 0-0 d6 6. Nbd2 c5 7. c3 Nc6 8. dxc5 dxc5 9. Nb3 Nd7 10. Qd5 e6 11. Qd6 Re8 12. Be3 Bf8 13. Qd3 Rb8 14. Nbd2 Qc7 15. Rad1 f5 16. Nc4 Nb6 17. Nxb6 axb6 18. b4 e5 19. Ng5 h6 20. b5 Na5 21. Bd5+ Kh8 22. Nf7+ Kh7 23. f4 e4 24. Qd2 Be6 25. Bxe6 Rxe6 26. Qd7 Re7 27. Ne5 Rc8 28. Qxc7 Rcxc7 29. h4 Bg7 30. Rd6 Rxe5 31. fxe5 Nc4 32. Rfd1 Nxd6 33. exd6 Rd7 34. c4 Bf8 35. Bf4 Kg7 36. g4 Kf6 37. gxf5 Kxf5 38. e3 Ke6 39. Kh1 Bxd6 40. Bxh6 Rh7 41. Bg5 Be7 42. Kg2 Bxg5 43. hxg5 Rh5 44. Rd5 Rh8 45. Kg3 Ra8 46. Kf4 Rxa2 47. Rd8 Rc2 48. Rg8 Rxc4 49. Rxg6+ Kd5 50. Rxb6 Rc1 51. Rxb7 c4 52. Rc7 c3 53. b6 Rf1+ 54. Kg4 Rb1 55. b7 c2 56. Rxc2 Rxb7 57. g6 Rb1 58. Rg2 Ke6 59. Kf4 1-0

[Event "Balatonlelle op 27th"]
[Site "Balatonlelle"]
[Date "2009.06.18"]
[Round "6"]
[White "Vajda, Levente"]
[Black "Porat, Ido"]
[Result "1-0"]
[WhiteElo "2571"]
[BlackElo "2408"]
[PlyCount "99"]
[EventDate "2009.06.13"]
[EventType "swiss"]
[EventRounds "9"]
[EventCountry "HUN"]
[SourceTitle "CBM 131 Extra"]
[Source "ChessBase"]
[SourceDate "2009.09.03"]
[SourceVersion "2"]
[SourceVersionDate "2009.09.16"]
[SourceQuality "1"]

1. e4 e5 2. Nf3 Nf6 3. d3 Nc6 4. g3 d5 5. exd5 Nxd5 6. Bg2 g6 7. 0-0 Bg7 8. a4 0-0 9. a5 Bf5 10. Re1 Qd7 11. Bd2 Rad8 12. Nc3 Nxc3 13. bxc3 e4 14. Nh4 exd3 15. Nxf5 Qxf5 16. Be4 dxc2 17. Qxc2 Qc5 18. a6 b6 19. Be3 Qc4 20. Bg5 Rde8 21. Bd2 Na5 22. Bd3 Qb3 23. Rad1 Rd8 24. Bf4 Bf6 25. Bxc7 Rd7 26. Bf4 Bxc3 27. Be4 Qxc2 28. Bxc2 Rxd1 29. Rxd1 Nc6 30. Rd7 Nb4 31. Bd3 Nxd3 32. Rxd3 Bb4 33. Rd7 Ra8 34. Rb7 Bc5 35. Kg2 h5 36. Kf3 Kf8 37. Bc7 Bd4 38. h3 Bc5 39. g4 hxg4+ 40. hxg4 Bd4 41. Bg3 b5 42. Ke4 Bb6 43. Kd5 Rc8 44. Bd6+ Kg7 45. f4 Rc2 46. Be5+ Kh6 47. Rxf7 b4 48. Rf8 Rd2+ 49. Kc4 g5 50. f5 1-0

[Event "Balatonlelle op 27th"]
[Site "Balatonlelle"]
[Date "2009.06.16"]
[Round "4"]
[White "Pataki, Gyozo"]
[Black "Porat, Ido"]
[Result "0-1"]
[WhiteElo "2313"]
[BlackElo "2408"]
[PlyCount "148"]
[EventDate "2009.06.13"]
[EventType "swiss"]
[EventRounds "9"]
[EventCountry "HUN"]
[SourceTitle "CBM 131 Extra"]
[Source "ChessBase"]
[SourceDate "2009.09.03"]
[SourceVersion "2"]
[SourceVersionDate "2009.09.16"]
[SourceQuality "1"]

1. d4 d5 2. c4 e6 3. Nc3 Be7 4. Bf4 Nf6 5. e3 0-0 6. Nf3 c5 7. a3 cxd4 8. Nxd4 Nc6 9. cxd5 Nxd5 10. Nxd5 Qxd5 11. Nxc6 Qxc6 12. Rc1 Qb6 13. Be5 Rd8 14. Qc2 Qa5+ 15. Qc3 Qxc3+ 16. Bxc3 Bd7 17. Be2 Ba4 18. Bd1 Bc6 19. 0-0 Bf6 20. Bf3 Bxf3 21. gxf3 Bh4 22. Rfd1 Kf8 23. Bb4+ Ke8 24. Rxd8+ Bxd8 25. a4 a6 26. Kf1 b6 27. Ke2 Ra7 28. h3 g6 29. Rc8 Kd7 30. Rc2 Be7 31. Bxe7 Kxe7 32. Rc8 Kd7 33. Rb8 Kc7 34. Rh8 h5 35. Rf8 Kd6 36. Rb8 Kc5 37. Kd3 Rc7 38. Kc3 a5 39. Rd8 b5 40. axb5 Kxb5+ 41. Kb3 a4+ 42. Ka3 Rc2 43. Rb8+ Kc4 44. Rf8 f5 45. Rf6 e5 46. Rc6+ Kd3 47. Rxc2 Kxc2 48. Kxa4 Kxb2 49. Kb4 Kc2 50. Kc4 g5 51. e4 fxe4 52. fxe4 h4 53. f3 Kd2 54. Kd5 Ke3 55. Kxe5 Kxf3 56. Kf5 g4 57. e5 gxh3 58. e6 h2 59. e7 h1Q 60. e8Q Qb1+ 61. Kg5 Qg1+ 62. Kh5 Qg4+ 63. Kh6 Qf4+ 64. Kh5 Qf5+ 65. Kh6 h3 66. Qe1 Qf4+ 67. Kh5 Qe3 68. Qd1+ Kf2 69. Kg6 h2 70. Qc2+ Kg3 71. Qc7+ Qf4 72. Qc3+ Qf3 73. Qc7+ Kh3 74. Qh7+ Kg2 0-1

[Event "Balatonlelle op 27th"]
[Site "Balatonlelle"]
[Date "2009.06.14"]
[Round "2"]
[White "Koban, Balint"]
[Black "Porat, Ido"]
[Result "0-1"]
[WhiteElo "2227"]
[BlackElo "2408"]
[PlyCount "96"]
[EventDate "2009.06.13"]
[EventType "swiss"]
[EventRounds "9"]
[EventCountry "HUN"]
[SourceTitle "CBM 131 Extra"]
[Source "ChessBase"]
[SourceDate "2009.09.03"]
[SourceVersion "2"]
[SourceVersionDate "2009.09.16"]
[SourceQuality "1"]

1. e4 c5 2. Nf3 g6 3. d4 Bg7 4. c4 cxd4 5. Nxd4 Nc6 6. Be3 Nf6 7. Nc3 Ng4 8. Qxg4 Nxd4 9. Qd1 Ne6 10. Rc1 Qa5 11. Qd2 b6 12. Be2 Bb7 13. f3 g5 14. 0-0 h5 15. Rfd1 d6 16. Nd5 Qxd2 17. Rxd2 Rc8 18. b4 h4 19. a4 Be5 20. Rb1 Nf4 21. Nxf4 Bxf4 22. Rb3 Bxe3+ 23. Rxe3 f6 24. Kf2 a5 25. Rb2 Bc6 26. bxa5 bxa5 27. Rb6 Kd7 28. Rc3 Rb8 29. Ra6 Ra8 30. Rxa8 Rxa8 31. Bd1 Rb8 32. Rb3 Rb4 33. Rxb4 axb4 34. g3 hxg3+ 35. Kxg3 Kc7 36. f4 Bd7 37. fxg5 fxg5 38. Kf2 Kb6 39. Ke3 e5 40. Kd3 Ka5 41. c5 dxc5 42. Kc4 Bxa4 43. Bg4 Kb6 44. Be6 Kc6 45. Bd5+ Kd6 46. Bf7 Bc6 47. Bg6 Bd7 48. Kd3 Bb5+ 0-1

[Event "ISR-chT 0809"]
[Site "Israel"]
[Date "2009.05.15"]
[Round "9"]
[White "Porat, Ido"]
[Black "Popilski, Gil"]
[Result "1/2-1/2"]
[WhiteElo "2363"]
[BlackElo "2394"]
[PlyCount "31"]
[EventDate "2008.12.12"]
[EventType "team-tourn"]
[EventRounds "11"]
[EventCountry "ISR"]
[SourceTitle "EXT 2010"]
[Source "ChessBase"]
[SourceDate "2010.11.25"]
[SourceVersion "1"]
[SourceVersionDate "2010.11.25"]
[SourceQuality "1"]

1. d4 Nf6 2. c4 e6 3. g3 d5 4. Nf3 Bb4+ 5. Bd2 Be7 6. Bg2 0-0 7. 0-0 c6 8. Bf4 Nbd7 9. Nc3 dxc4 10. e4 b5 11. d5 Qb6 12. Nd4 cxd5 13. exd5 Bb7 14. Ndxb5 exd5 15. Nc7 Rac8 16. N7xd5 1/2-1/2